Régimen sancionatorio en materia tributaria : libro homenaje a los 55 años de obra científica y docente del Profesor Vicente O. Díaz /
Guardado en:
| Autor Principal: | |
|---|---|
| Formato: | Desconocido |
| Idioma: | Spanish |
| Publicado: |
Ciudad Autónoma de Buenos Aires :
Edicon,
2013.
|
| Edición: | 1a. ed. |
| Materias: | |
| Etiquetas: |
Agregar Etiqueta
Sin Etiquetas, Sea el primero en etiquetar este registro!
|
| LEADER | 00596nac a22001575a 4500 | ||
|---|---|---|---|
| 001 | DER.der014323 | ||
| 008 | 191031i2013####ag#||||||||||||||#||spa|| | ||
| 005 | 20241113100726.0 | ||
| 245 | 1 | 0 | |a Régimen sancionatorio en materia tributaria : |b libro homenaje a los 55 años de obra científica y docente del Profesor Vicente O. Díaz / |c dirigido por Humberto Bertazza. |
| 250 | |a 1a. ed. | ||
| 260 | |a Ciudad Autónoma de Buenos Aires : |b Edicon, |c 2013. | ||
| 300 | |a 488 p. | ||
| 020 | |a 9789876601894 | ||
| 100 | 1 | |a Bertazza, Humberto. | |
| 650 | 7 | |a DERECHO TRIBUTARIO | |
| 859 | |a DERECHO |b BIB. DERECHO |h 344.3 |i BER |p 009594 | ||
